[Event "VIE-ch"]
[Site "Bac Giang"]
[Date "2016.06.26"]
[Round "7"]
[White "Duong, Thuong Cong"]
[Black "Nguyen, The Phu"]
[Result "1-0"]
[WhiteElo "2054"]
[BlackElo "1550"]
[PlyCount "33"]
[EventDate "2016.06.22"]
[EventType "swiss"]
[EventRounds "9"]
[EventCountry "VIE"]
[SourceTitle "EXT 2017"]
[Source "ChessBase"]
[SourceDate "2016.10.25"]
[SourceVersion "1"]
[SourceVersionDate "2016.10.25"]
[SourceQuality "1"]

1. e4 c5 2. c3 Nf6 3. e5 Nd5 4. d4 cxd4 5. Nf3 Nc6 6. cxd4 d6 7. Bc4 Nb6 8. Bb3 e6 9. Qe2 Be7 10. 0-0 0-0 11. Rd1 Na5 12. Bc2 Qc7 13. Ng5 g6 14. Nxh7 Kxh7 15. Qh5+ Kg8 16. Bxg6 fxg6 17. Qxg6+ 1-0

[Event "VIE-ch"]
[Site "Bac Giang"]
[Date "2016.06.23"]
[Round "3"]
[White "Nguyen, The Phu"]
[Black "Luu, Hoang Hai Duong"]
[Result "0-1"]
[WhiteElo "1550"]
[BlackElo "1928"]
[PlyCount "86"]
[EventDate "2016.06.22"]
[EventType "swiss"]
[EventRounds "9"]
[EventCountry "VIE"]
[SourceTitle "EXT 2017"]
[Source "ChessBase"]
[SourceDate "2016.10.25"]
[SourceVersion "1"]
[SourceVersionDate "2016.10.25"]
[SourceQuality "1"]

1. d4 d5 2. c4 c6 3. Nf3 Nf6 4. Nc3 e6 5. Bg5 Be7 6. e3 0-0 7. Bd3 Nbd7 8. 0-0 dxc4 9. Bxc4 b5 10. Bd3 a6 11. Rc1 c5 12. a4 c4 13. Bb1 Qb6 14. Nd2 Bb7 15. Nce4 Rfe8 16. Bf4 Bd5 17. axb5 axb5 18. Qf3 Bb4 19. Qh3 Qc6 20. f3 Bxe4 21. Nxe4 Qb6 22. g4 g6 23. Nxf6+ Nxf6 24. Bg5 Nd5 25. Be4 Ra2 26. Rf2 Qa6 27. Rfc2 Be7 28. Bxd5 Bxg5 29. f4 Bxf4 30. Qf3 exd5 31. Qxf4 Qe6 32. Re1 Ra7 33. Rcc1 Qe4 34. Qg3 Rae7 35. Re2 Qe6 36. h3 Qc6 37. Rcc2 b4 38. Kf2 Qa4 39. Qf3 Rxe3 40. Qxe3 Rxe3 41. Kxe3 Qb3+ 42. Kf4 f6 43. Re8+ Kf7 0-1

[Event "VIE-chT"]
[Site "Ho Chi Minh City"]
[Date "2015.07.19"]
[Round "4.36"]
[White "Vo, Pham Thien Phuc"]
[Black "Nguyen, The Phu"]
[Result "1-0"]
[WhiteElo "1630"]
[BlackElo "1557"]
[PlyCount "63"]
[EventDate "2015.07.16"]
[EventType "team-swiss"]
[EventRounds "9"]
[EventCountry "VIE"]
[SourceTitle "EXT 2016"]
[Source "ChessBase"]
[SourceDate "2015.10.08"]
[SourceVersion "1"]
[SourceVersionDate "2015.10.08"]
[SourceQuality "1"]

1. d4 f5 2. Nf3 g6 3. g3 Bg7 4. Bg2 Nf6 5. 0-0 0-0 6. c4 d6 7. Nc3 Qe8 8. Qc2 e5 9. e3 Na6 10. a3 c6 11. b4 Bd7 12. Bb2 e4 13. Nd2 Rc8 14. Rfd1 Qf7 15. c5 dxc5 16. dxc5 Be6 17. Ne2 Ng4 18. Bxg7 Qxg7 19. Nf4 Bf7 20. Nc4 Rcd8 21. Na5 Bd5 22. Rac1 Rfe8 23. b5 Nb8 24. Nxd5 Rxd5 25. Rxd5 cxd5 26. c6 bxc6 27. bxc6 Rc8 28. Qc5 Qf7 29. Qd6 Na6 30. Nb7 Nf6 31. Nd8 Qg7 32. Qe6+ 1-0

[Event "VIE-chT"]
[Site "Ho Chi Minh City"]
[Date "2015.07.16"]
[Round "1.15"]
[White "Nguyen, The Phu"]
[Black "Tran, Quoc Dung"]
[Result "0-1"]
[WhiteElo "1557"]
[BlackElo "2286"]
[PlyCount "52"]
[EventDate "2015.07.16"]
[EventType "team-swiss"]
[EventRounds "9"]
[EventCountry "VIE"]
[SourceTitle "EXT 2016"]
[Source "ChessBase"]
[SourceDate "2015.10.08"]
[SourceVersion "1"]
[SourceVersionDate "2015.10.08"]
[SourceQuality "1"]

1. d4 d5 2. c4 c6 3. Nf3 e6 4. Nc3 dxc4 5. a4 Bb4 6. e3 b5 7. Ne5 Nf6 8. Qf3 Qd5 9. Bd2 Bxc3 10. Bxc3 Qxf3 11. Nxf3 Bb7 12. b3 Nd5 13. Ba5 cxb3 14. axb5 0-0 15. Rb1 Rc8 16. bxc6 Nxc6 17. Bd2 Rab8 18. e4 Ndb4 19. Bf4 e5 20. dxe5 Na5 21. Nd2 Rc3 22. Be2 Nc2+ 23. Kf1 Na3 24. Rd1 Rbc8 25. Bg4 Ba6+ 26. Ke1 Nc2# 0-1

[Event "VIE-ch U15"]
[Site "Ho Chi Minh City"]
[Date "2014.07.17"]
[Round "7"]
[White "Huynh, Nhut"]
[Black "Nguyen, The Phu"]
[Result "1/2-1/2"]
[WhiteElo "1858"]
[BlackElo "1857"]
[PlyCount "82"]
[EventDate "2014.07.13"]
[EventType "swiss"]
[EventRounds "9"]
[EventCountry "VIE"]
[SourceTitle "EXT 2016"]
[Source "ChessBase"]
[SourceDate "2015.10.08"]
[SourceVersion "1"]
[SourceVersionDate "2015.10.08"]
[SourceQuality "1"]

1. d4 Nf6 2. Nf3 d5 3. c4 e6 4. a3 a5 5. Nc3 Nbd7 6. e3 Be7 7. Bd3 0-0 8. 0-0 b6 9. b3 Bb7 10. Ne5 Bd6 11. Nf3 c6 12. Bb2 Qc7 13. cxd5 exd5 14. Rc1 Qd8 15. Re1 Re8 16. e4 dxe4 17. Bxe4 Nxe4 18. Nxe4 Bf4 19. Rc2 c5 20. Ng3 Rxe1+ 21. Nxe1 Qe7 22. Re2 Qg5 23. dxc5 Nxc5 24. b4 Rd8 25. bxc5 h5 26. Qa4 h4 27. Re8+ Rxe8 28. Qxe8+ Kh7 29. Ne4 Qd5 30. Nc3 Qg5 31. c6 Ba6 32. Qe4+ f5 33. Nf3 fxe4 34. Nxg5+ Bxg5 35. Nxe4 Bd8 36. Be5 Bd3 37. a4 Bxe4 38. c7 Bxc7 39. Bxc7 Bc6 40. Bxb6 Bxa4 41. Bxa5 g5 1/2-1/2

[Event "VIE-ch U15"]
[Site "Ho Chi Minh City"]
[Date "2014.07.15"]
[Round "4"]
[White "Nguyen, The Phu"]
[Black "Tran, Duc Anh"]
[Result "0-1"]
[WhiteElo "1857"]
[BlackElo "1868"]
[PlyCount "70"]
[EventDate "2014.07.13"]
[EventType "swiss"]
[EventRounds "9"]
[EventCountry "VIE"]
[SourceTitle "EXT 2016"]
[Source "ChessBase"]
[SourceDate "2015.10.08"]
[SourceVersion "1"]
[SourceVersionDate "2015.10.08"]
[SourceQuality "1"]

1. e4 c6 2. d3 d5 3. Nd2 Nf6 4. Ngf3 dxe4 5. dxe4 Bg4 6. Be2 e6 7. 0-0 Nbd7 8. b3 Be7 9. Bb2 0-0 10. Re1 Qc7 11. Bd3 Rad8 12. e5 Nd5 13. h3 Bh5 14. Qe2 Nc5 15. Be4 Bg5 16. Bxh7+ Kh8 17. g4 Bxd2 18. Nxd2 Kxh7 19. gxh5 Qe7 20. Nf3 g6 21. Bc1 Rg8 22. Ng5+ Kh8 23. Kh2 f6 24. exf6 Qxf6 25. Rb1 Nc3 26. Bb2 Qxg5 27. Bxc3+ Kh7 28. hxg6+ Rxg6 29. Rg1 Qf4+ 30. Kh1 Qf5 31. Kh2 Ne4 32. Be1 Rdg8 33. Rxg6 Rxg6 34. Rd1 Qe5+ 35. Kh1 Ng3+ 0-1